Chess Puzzles: Find Mate in 1 - Statistics

General Stats
  • This quiz has been taken 83 times
  • The average score is 5 of 8
Answer Stats
Picture Answer % Correct
Bh5
91%
Rf6
82%
Qe4
77%
Rb6
63%
Qg5
60%
Rf7
60%
Nc5
57%
Nd6
57%
No matching quizzes found
Score Distribution
Percent of People with Each Score
Percentile by Number Answered
Your Score History
You have not taken this quiz